Statistics for Top 20 Arsenal Goalscorers in the Premier League

Click here to take the quiz!

General Stats

  • This quiz has been taken 88 times
    (42 since last reset)
  • The average score is 16 of 21

Answer Stats

NPlayerNationalityGoals% Correct
1Thierry HenryFrench175
100%
9Alexis SánchezChilean60
97%
4Dennis BergkampDutch87
97%
3Robin van PersieDutch96
95%
6Pierre-Emerick AubameyangGabonese68
92%
16Mesut OzilGerman33
89%
10Alexandre LacazetteFrench54
87%
5Olivier GiroudFrench73
84%
8Robert PirésFrench62
84%
11Emmanuel AdebayorTogolese46
82%
13Aaron RamseyWelsh40
79%
2Ian WrightEnglish104
76%
19Patrick VieiraFrench28
76%
11Freddie LjungbergSwedish46
71%
14Bukayo SakaEnglish36
66%
15Cesc FabregasSpanish35
66%
18Nwankwo KanuNigerian30
58%
19Gabriel MartinelliBrazilian28
53%
7Theo WalcottEnglish65
53%
17Sylvain WiltordFrench31
45%
19Paul MersonEnglish28
26%

Score Distribution

Percentile by Number Answered

Percent of People with Each Score

Your Score History

You have not taken this quiz since the last reset